Application of Semi-Distributed model for Hydrological assessment under changing Climates: A case study of Panjkora river catchment. (MS Thesis - WRE &M.) (Record no. 528928)
[ view plain ]
| 000 -LEADER | |
|---|---|
| fixed length control field | 00426nam a22001337a 4500 |
| 003 - CONTROL NUMBER IDENTIFIER | |
| control field | NUST |
| 038 ## - RECORD CONTENT LICENSOR | |
| Staff Name | MSOHAIL |
| 082 ## - DEWEY DECIMAL CLASSIFICATION NUMBER | |
| Classification number | 627 |
| Author Mark | ZAF |
| 100 ## - MAIN ENTRY--PERSONAL NAME | |
| Personal name | Haseeb Zafar |
| 9 (RLIN) | 20768 |
| 245 ## - TITLE STATEMENT | |
| Title | Application of Semi-Distributed model for Hydrological assessment under changing Climates: A case study of Panjkora river catchment. (MS Thesis - WRE &M.) |
| 260 ## - PUBLICATION, DISTRIBUTION, ETC. | |
| Place of publication, distribution, etc. | Islamabad |
| Name of publisher, distributor, etc. | NUST-NICE |
| Date of publication, distribution, etc. | 2019 |
| 300 ## - PHYSICAL DESCRIPTION | |
| Extent | p;69,; |
| Dimensions | 30cm |
| 942 ## - ADDED ENTRY ELEMENTS (KOHA) | |
| Source of classification or shelving scheme | |
| Koha item type | Project Report |
| Withdrawn status | Lost status | Source of classification or shelving scheme | Damaged status | Not for loan | Permanent Location | Current Location | Date acquired | Total Checkouts | Full call number | Barcode | Date last seen | Price effective from | Koha item type |
|---|---|---|---|---|---|---|---|---|---|---|---|---|---|
| School of Civil and Environmental Engineering (SCEE) | School of Civil and Environmental Engineering (SCEE) | 09/17/2019 | 627 ZAF | 101253T | 09/17/2019 | 09/17/2019 | Project Report | ||||||
| School of Civil and Environmental Engineering (SCEE) | School of Civil and Environmental Engineering (SCEE) | 09/17/2019 | 627 ZAF | 101255T | 09/17/2019 | 09/17/2019 | Project Report |
